Statistics for The 7 Wonders of the Ancient World

Click here to take the quiz!

General Stats

  • This quiz has been taken 61,316 times
  • The average score is 4 of 7

Answer Stats

Answer% Correct
Great {Pyramid} of Giza
98%
{Hanging} {Gardens} of Babylon
77%
Statue of {Zeus} at Olympia
74%
{Colossus} of Rhodes
61%
{Lighthouse} of Alexandria
56%
Temple of {Artemis} at Ephesus
36%
{Mausoleum} of Halicarnassus
31%

Score Distribution

Percentile by Number Answered

Percent of People with Each Score

Your Score History

You have not taken this quiz